[Event "Damhus-ch B"]
[Site "Rodovre"]
[Date "2013.09.10"]
[Round "2"]
[White "Hardarson, Gisli"]
[Black "Helleshoj, Knud Erik"]
[Result "1-0"]
[WhiteElo "1592"]
[BlackElo "1601"]
[PlyCount "43"]
[EventDate "2013.09.03"]
[EventType "swiss"]
[EventRounds "7"]
[EventCountry "DEN"]
[SourceTitle "EXT 2023"]
[Source "ChessBase"]
[SourceDate "2022.10.05"]
[SourceVersion "1"]
[SourceVersionDate "2022.10.05"]
[SourceQuality "1"]

1. d4 d5 2. c4 c6 3. cxd5 cxd5 4. Nf3 Nc6 5. Nc3 e6 6. Bf4 Nf6 7. e3 a6 8. a3 h6 9. h4 Bd6 10. Ne5 Bxe5 11. Bxe5 Nxe5 12. dxe5 Nd7 13. f4 Qb6 14. Rh3 Nc5 15. b4 Nd7 16. Rg3 0-0 17. Qg4 g6 18. Bd3 h5 19. Qg5 Kg7 20. Bxg6 Qd8 21. Qxh5 Rh8 22. Bxf7+ 1-0

[Event "Damhus-ch B"]
[Site "Rodovre"]
[Date "2011.09.20"]
[Round "3"]
[White "Hardarson, Gisli"]
[Black "Nielsen, Jorgen Holmstrom"]
[Result "1/2-1/2"]
[WhiteElo "1614"]
[BlackElo "1519"]
[PlyCount "66"]
[EventDate "2011.09.06"]
[EventType "tourn"]
[EventRounds "7"]
[EventCountry "DEN"]
[SourceTitle "EXT 2023"]
[Source "ChessBase"]
[SourceDate "2022.10.05"]
[SourceVersion "1"]
[SourceVersionDate "2022.10.05"]
[SourceQuality "1"]

1. e4 Nf6 2. Nc3 d5 3. exd5 Nxd5 4. Nf3 Bg4 5. h3 Bh5 6. d4 e6 7. Nxd5 Qxd5 8. Be2 Be7 9. 0-0 0-0 10. c4 Qd8 11. Be3 c6 12. Ne5 Bxe2 13. Qxe2 Nd7 14. f4 Nxe5 15. fxe5 Bg5 16. Rad1 Bxe3+ 17. Qxe3 Qa5 18. a3 Rad8 19. Rf4 Rd7 20. Kh2 Qb6 21. b4 a5 22. bxa5 Qxa5 23. Rg4 Qc7 24. Rxg7+ Kxg7 25. Qg5+ Kh8 26. Qf6+ Kg8 27. Rd3 Rfd8 28. Rg3+ Kf8 29. Qh6+ Ke7 30. Qh4+ Kf8 31. Qh6+ Ke7 32. Qf6+ Kf8 33. Qh8+ Ke7 1/2-1/2

[Event "Damhus-ch A"]
[Site "Rodovre"]
[Date "2010.10.12"]
[Round "6"]
[White "Hardarson, Gisli"]
[Black "Petersen, Steffen"]
[Result "1/2-1/2"]
[WhiteElo "1646"]
[BlackElo "1625"]
[PlyCount "51"]
[EventDate "2010.09.07"]
[EventType "tourn"]
[EventRounds "7"]
[EventCountry "DEN"]
[SourceTitle "EXT 2023"]
[Source "ChessBase"]
[SourceDate "2022.10.05"]
[SourceVersion "1"]
[SourceVersionDate "2022.10.05"]
[SourceQuality "1"]

1. e4 e5 2. d4 exd4 3. c3 Nc6 4. cxd4 Bb4+ 5. Nc3 Qe7 6. f3 Nf6 7. a3 Ba5 8. Bc4 0-0 9. Nge2 d6 10. 0-0 Bb6 11. Kh1 h6 12. Qd3 Be6 13. Nd5 Bxd5 14. exd5 Nd8 15. Ng3 Re8 16. Bd2 c6 17. Rfe1 Qf8 18. Rxe8 Nxe8 19. Nf5 cxd5 20. Bxd5 Nf6 21. Bb3 Ne6 22. Re1 Re8 23. Bb4 Nf4 24. Rxe8 Nxe8 25. Qe4 Nh5 26. h4 1/2-1/2

[Event "Rodovre-ch A"]
[Site "Rodovre"]
[Date "2009.09.29"]
[Round "5"]
[White "Bauers, Sten"]
[Black "Hardarson, Gisli"]
[Result "1/2-1/2"]
[WhiteElo "1586"]
[BlackElo "1602"]
[PlyCount "82"]
[EventDate "2009.09.01"]
[EventType "tourn"]
[EventRounds "7"]
[EventCountry "DEN"]
[SourceTitle "EXT 2023"]
[Source "ChessBase"]
[SourceDate "2022.10.05"]
[SourceVersion "1"]
[SourceVersionDate "2022.10.05"]
[SourceQuality "1"]

1. e4 e5 2. f4 d6 3. Nf3 Nc6 4. d4 Bg4 5. c3 Bxf3 6. Qxf3 exd4 7. Bb5 d3 8. Be3 a6 9. Ba4 b5 10. Bb3 Nge7 11. 0-0 Qd7 12. Nd2 h5 13. a4 Na5 14. e5 d5 15. axb5 Nxb3 16. Nxb3 Qxb5 17. Nc5 Nf5 18. b4 Rh6 19. Qxd5 Rd8 20. Qe4 Nxe3 21. Qxe3 Qc4 22. Ne4 Be7 23. f5 f6 24. exf6 Rxf6 25. Nxf6+ gxf6 26. Qd2 c5 27. Rfe1 Kf7 28. Qa2 Qxa2 29. Rxa2 cxb4 30. cxb4 Bxb4 31. Rd1 a5 32. h3 d2 33. Kf2 Rd5 34. g4 hxg4 35. hxg4 Re5 36. Rdxd2 Bxd2 37. Rxd2 Ke7 38. Rd4 Rc5 39. Ke3 Rb5 40. Ra4 Kd6 41. Kd3 Rd5+ 1/2-1/2

[Event "Rodovre-ch A"]
[Site "Rodovre"]
[Date "2009.09.24"]
[Round "3"]
[White "Hardarson, Gisli"]
[Black "Smidt, Johnny"]
[Result "1/2-1/2"]
[WhiteElo "1602"]
[BlackElo "1656"]
[PlyCount "46"]
[EventDate "2009.09.01"]
[EventType "tourn"]
[EventRounds "7"]
[EventCountry "DEN"]
[SourceTitle "EXT 2023"]
[Source "ChessBase"]
[SourceDate "2022.10.05"]
[SourceVersion "1"]
[SourceVersionDate "2022.10.05"]
[SourceQuality "1"]

1. e4 c5 2. Nf3 d6 3. d4 cxd4 4. Nxd4 Nf6 5. Nc3 g6 6. Bg5 Bg7 7. Bc4 0-0 8. 0-0 Bd7 9. Re1 Nc6 10. Nf3 Rc8 11. Bb3 Bg4 12. h3 Bxf3 13. Qxf3 Nd4 14. Qe3 Nc6 15. Bh6 Ne5 16. Bxg7 Kxg7 17. Qxa7 Nc4 18. Qd4 e5 19. Qd3 Nxb2 20. Qe3 Nc4 21. Qd3 Nb2 22. Qf3 Nc4 23. Qd3 Nb2 1/2-1/2

[Event "Rodovre-ch A"]
[Site "Rodovre"]
[Date "2009.09.08"]
[Round "2"]
[White "Hjort, Helge"]
[Black "Hardarson, Gisli"]
[Result "1-0"]
[WhiteElo "1828"]
[BlackElo "1602"]
[PlyCount "73"]
[EventDate "2009.09.01"]
[EventType "tourn"]
[EventRounds "7"]
[EventCountry "DEN"]
[SourceTitle "EXT 2023"]
[Source "ChessBase"]
[SourceDate "2022.10.05"]
[SourceVersion "1"]
[SourceVersionDate "2022.10.05"]
[SourceQuality "1"]

1. e4 e5 2. Nf3 f5 3. Nxe5 Nc6 4. Nxc6 dxc6 5. Nc3 Bd6 6. d3 Be6 7. Be2 Qd7 8. Bg5 Ne7 9. Qd2 0-0-0 10. exf5 Bxf5 11. 0-0-0 Ng6 12. Ne4 Bxe4 13. dxe4 Qe6 14. Qa5 Nf4 15. Bf3 Kb8 16. Bxd8 Rxd8 17. e5 Be7 18. Rxd8+ Bxd8 19. Kb1 Be7 20. Re1 a6 21. Qa4 g5 22. h3 h5 23. Qb3 Nd5 24. Bxh5 Bc5 25. Bg4 Qe7 26. Bf3 Qe6 27. Rd1 Qxe5 28. Bxd5 cxd5 29. Qxd5 Qe2 30. Qf3 Qxf3 31. gxf3 Bxf2 32. Rd8+ Ka7 33. c3 Be3 34. Kc2 c5 35. Kd3 Bc1 36. b3 Kb6 37. Rh8 1-0

[Event "Rodovre-ch A"]
[Site "Rodovre"]
[Date "2007.10.23"]
[Round "7"]
[White "Hardarson, Gisli"]
[Black "Mortensen, Henrik"]
[Result "0-1"]
[WhiteElo "1683"]
[BlackElo "1883"]
[PlyCount "116"]
[EventDate "2007.09.04"]
[EventType "tourn"]
[EventRounds "7"]
[EventCountry "DEN"]
[SourceTitle "EXT 2023"]
[Source "ChessBase"]
[SourceDate "2022.10.05"]
[SourceVersion "1"]
[SourceVersionDate "2022.10.05"]
[SourceQuality "1"]

1. e4 d5 2. exd5 Qxd5 3. Nc3 Qd6 4. d4 Nf6 5. Nf3 a6 6. g3 b5 7. a3 Bb7 8. Bg2 e6 9. Bf4 Qd8 10. 0-0 Be7 11. Ne5 Bxg2 12. Kxg2 0-0 13. Qf3 Nd5 14. Nxd5 Qxd5 15. Rac1 Qxf3+ 16. Kxf3 Bd6 17. Rfe1 f6 18. Nd3 Kf7 19. Bxd6 cxd6 20. c4 Nc6 21. d5 Nd4+ 22. Kg2 exd5 23. cxd5 Rfc8 24. Nb4 a5 25. Nc6 Nxc6 26. dxc6 Ra6 27. c7 Ra7 28. Rc6 Rcxc7 29. Rxd6 Rc2 30. b4 axb4 31. axb4 Raa2 32. Rd7+ Kg6 33. Ree7 Rxf2+ 34. Kg1 Rg2+ 35. Kf1 Rxh2 36. Rxg7+ Kf5 37. g4+ Kf4 38. Kg1 Rhd2 39. Rxd2 Rxd2 40. Rf7 Rb2 41. Rxf6+ Kxg4 42. Rh6 Rxb4 43. Rxh7 Kf3 44. Rh3+ Ke2 45. Rh5 Rg4+ 46. Kh2 b4 47. Kh3 Rd4 48. Kg2 b3 49. Re5+ Kd2 50. Kf2 Rf4+ 51. Kg3 Rb4 52. Kf2 b2 53. Re2+ Kc3 54. Re3+ Kc2 55. Re2+ Kb3 56. Re1 Ka2 57. Re2 Rb3 58. Rc2 Ka3 0-1

[Event "Rodovre-ch A"]
[Site "Rodovre"]
[Date "2007.10.02"]
[Round "5"]
[White "Pedersen, Bent O"]
[Black "Hardarson, Gisli"]
[Result "0-1"]
[WhiteElo "1706"]
[BlackElo "1683"]
[PlyCount "38"]
[EventDate "2007.09.04"]
[EventType "tourn"]
[EventRounds "7"]
[EventCountry "DEN"]
[SourceTitle "EXT 2023"]
[Source "ChessBase"]
[SourceDate "2022.10.05"]
[SourceVersion "1"]
[SourceVersionDate "2022.10.05"]
[SourceQuality "1"]

1. e4 e5 2. Nf3 f5 3. d3 d6 4. Nc3 Nf6 5. Bg5 c6 6. Be2 h6 7. Bxf6 Qxf6 8. Qd2 Be6 9. d4 f4 10. 0-0-0 Be7 11. Kb1 Nd7 12. g3 Nb6 13. Rhg1 0-0-0 14. gxf4 exf4 15. h4 Rhg8 16. h5 Bf7 17. e5 dxe5 18. Ne4 Qe6 19. Nfg5 Qxa2+ 0-1

[Event "Rodovre-ch A"]
[Site "Rodovre"]
[Date "2007.09.25"]
[Round "4"]
[White "Hardarson, Gisli"]
[Black "Andersen, Daniel"]
[Result "0-1"]
[WhiteElo "1683"]
[BlackElo "1949"]
[PlyCount "68"]
[EventDate "2007.09.04"]
[EventType "tourn"]
[EventRounds "7"]
[EventCountry "DEN"]
[SourceTitle "EXT 2023"]
[Source "ChessBase"]
[SourceDate "2022.10.05"]
[SourceVersion "1"]
[SourceVersionDate "2022.10.05"]
[SourceQuality "1"]

1. e4 e6 2. c4 d5 3. exd5 exd5 4. cxd5 Nf6 5. Nc3 Nxd5 6. Nf3 Be7 7. d4 0-0 8. Be2 Nc6 9. 0-0 Bf6 10. Nxd5 Qxd5 11. Bf4 Qa5 12. Bd2 Qb6 13. Bc3 Rd8 14. d5 Bxc3 15. bxc3 Ne7 16. c4 c6 17. Re1 cxd5 18. Bd3 dxc4 19. Rxe7 cxd3 20. Qxd3 Be6 21. Qe4 Bd5 22. Qf5 Qb2 23. Rae1 Qxa2 24. Nd4 a5 25. Qd7 h6 26. Qg4 Qc4 27. Rd1 a4 28. Qg3 Be6 29. Qe3 Qd5 30. h4 a3 31. Nxe6 Qxd1+ 32. Kh2 Qd6+ 33. Nf4 a2 34. Qb3 Qxf4+ 0-1

[Event "Rodovre-ch A"]
[Site "Rodovre"]
[Date "2006.10.24"]
[Round "7"]
[White "Pedersen, Rune Linnebo"]
[Black "Hardarson, Gisli"]
[Result "0-1"]
[WhiteElo "1985"]
[BlackElo "1693"]
[PlyCount "40"]
[EventDate "2006.09.05"]
[EventType "tourn"]
[EventRounds "7"]
[EventCountry "DEN"]
[SourceTitle "EXT 2023"]
[Source "ChessBase"]
[SourceDate "2022.10.05"]
[SourceVersion "1"]
[SourceVersionDate "2022.10.05"]
[SourceQuality "1"]

1. e4 c5 2. Nf3 Nc6 3. d4 cxd4 4. Nxd4 Nf6 5. Nc3 d6 6. Bg5 Qa5 7. Bxf6 gxf6 8. Nb3 Qg5 9. Nd5 Rb8 10. g3 f5 11. f4 Qg6 12. e5 Bg7 13. Nd4 Bd7 14. Be2 h5 15. Qd3 dxe5 16. Nc7+ Kf8 17. Nxc6 Qxc6 18. 0-0-0 Rd8 19. Qc4 Rh6 20. Rd2 Qxh1+ 0-1

[Event "Rodovre-ch A"]
[Site "Rodovre"]
[Date "2006.10.10"]
[Round "6"]
[White "Hardarson, Gisli"]
[Black "Mortensen, Henrik"]
[Result "0-1"]
[WhiteElo "1693"]
[BlackElo "1951"]
[PlyCount "64"]
[EventDate "2006.09.05"]
[EventType "tourn"]
[EventRounds "7"]
[EventCountry "DEN"]
[SourceTitle "EXT 2023"]
[Source "ChessBase"]
[SourceDate "2022.10.05"]
[SourceVersion "1"]
[SourceVersionDate "2022.10.05"]
[SourceQuality "1"]

1. e4 c5 2. Nf3 Nc6 3. c3 e5 4. Bc4 d6 5. 0-0 h6 6. h3 Nf6 7. Re1 Be7 8. d3 0-0 9. Be3 a6 10. a4 Rb8 11. Nbd2 d5 12. exd5 Nxd5 13. d4 cxd4 14. cxd4 Nxe3 15. fxe3 exd4 16. e4 b5 17. axb5 axb5 18. Bd5 Nb4 19. Qb3 Nxd5 20. exd5 Bb7 21. Nxd4 Bxd5 22. Qd3 Bc5 23. Kh2 Bc4 24. Nxc4 bxc4 25. Qf5 Qxd4 26. Rad1 Qf2 27. Rf1 Qxf5 28. Rxf5 Be7 29. Rd7 Bf6 30. Rc7 Rfc8 31. Rfc5 Rxc7 32. Rxc7 Be5+ 0-1

[Event "Rodovre-ch A"]
[Site "Rodovre"]
[Date "2006.10.03"]
[Round "5"]
[White "Rubin, Jacob"]
[Black "Hardarson, Gisli"]
[Result "1/2-1/2"]
[WhiteElo "1767"]
[BlackElo "1693"]
[PlyCount "37"]
[EventDate "2006.09.05"]
[EventType "tourn"]
[EventRounds "7"]
[EventCountry "DEN"]
[SourceTitle "EXT 2023"]
[Source "ChessBase"]
[SourceDate "2022.10.05"]
[SourceVersion "1"]
[SourceVersionDate "2022.10.05"]
[SourceQuality "1"]

1. Nf3 Nf6 2. d4 c5 3. dxc5 e6 4. e3 Bxc5 5. c3 0-0 6. Bd3 d5 7. Nbd2 Nc6 8. 0-0 Re8 9. Nd4 e5 10. Nxc6 bxc6 11. b4 Bb6 12. e4 Bg4 13. Qc2 Qd7 14. h3 Bxh3 15. gxh3 Qxh3 16. Be2 Qg3+ 17. Kh1 Qh3+ 18. Kg1 Qg3+ 19. Kh1 1/2-1/2

[Event "Rodovre-ch A"]
[Site "Rodovre"]
[Date "2006.09.12"]
[Round "2"]
[White "Hansen, Rasmus Agertoft"]
[Black "Hardarson, Gisli"]
[Result "1-0"]
[WhiteElo "1889"]
[BlackElo "1693"]
[PlyCount "77"]
[EventDate "2006.09.05"]
[EventType "tourn"]
[EventRounds "7"]
[EventCountry "DEN"]
[SourceTitle "EXT 2023"]
[Source "ChessBase"]
[SourceDate "2022.10.05"]
[SourceVersion "1"]
[SourceVersionDate "2022.10.05"]
[SourceQuality "1"]

1. d4 Nf6 2. Nf3 d5 3. c4 c6 4. Nc3 Bf5 5. e3 Nbd7 6. cxd5 cxd5 7. Qb3 Qa5 8. Bd2 e6 9. Bb5 a6 10. Nxd5 Qxd2+ 11. Nxd2 exd5 12. Bxd7+ Bxd7 13. Qxb7 Rc8 14. 0-0 Bd6 15. Qxa6 Rc6 16. Qd3 0-0 17. Rfc1 Rb6 18. b3 Bb5 19. Qf5 g6 20. Qf3 Ba3 21. Rc5 Bxc5 22. dxc5 Re6 23. b4 Kg7 24. a4 Ra8 25. Qd1 Rea6 26. a5 Re8 27. Nf3 Rb8 28. Nd4 Bc4 29. Qa4 Ne4 30. f3 Nc3 31. Qa3 Nb5 32. Nxb5 Bxb5 33. Qc3+ f6 34. Rc1 Rc6 35. Qd4 Rd8 36. e4 Bc4 37. Rxc4 dxc4 38. Qxd8 c3 39. Qd3 1-0

[Event "Rodovre-ch A"]
[Site "Rodovre"]
[Date "2004.10.19"]
[Round "7"]
[White "Hardarson, Gisli"]
[Black "Pedersen, Bent O"]
[Result "1/2-1/2"]
[WhiteElo "1703"]
[BlackElo "1700"]
[PlyCount "41"]
[EventDate "2004.08.31"]
[EventType "tourn"]
[EventRounds "7"]
[EventCountry "DEN"]
[SourceTitle "EXT 2023"]
[Source "ChessBase"]
[SourceDate "2022.10.05"]
[SourceVersion "1"]
[SourceVersionDate "2022.10.05"]
[SourceQuality "1"]

1. d4 Nf6 2. c4 c5 3. d5 e6 4. Nc3 exd5 5. cxd5 d6 6. e4 g6 7. Be2 Bg7 8. Bg5 0-0 9. Nf3 Bg4 10. h3 Bxf3 11. Bxf3 h6 12. Be3 Nbd7 13. 0-0 a6 14. a4 Ne5 15. Be2 Re8 16. f4 Ned7 17. Qc2 Rb8 18. g4 Nh7 19. Rf3 g5 20. Raf1 Qe7 21. Bd3 1/2-1/2

[Event "Rodovre-ch A"]
[Site "Rodovre"]
[Date "2004.10.05"]
[Round "6"]
[White "Szucs, Gyula"]
[Black "Hardarson, Gisli"]
[Result "1/2-1/2"]
[WhiteElo "1873"]
[BlackElo "1703"]
[PlyCount "63"]
[EventDate "2004.08.31"]
[EventType "tourn"]
[EventRounds "7"]
[EventCountry "DEN"]
[SourceTitle "EXT 2023"]
[Source "ChessBase"]
[SourceDate "2022.10.05"]
[SourceVersion "1"]
[SourceVersionDate "2022.10.05"]
[SourceQuality "1"]

1. d4 Nf6 2. Nf3 b6 3. g3 Bb7 4. Bg2 d5 5. Nbd2 c5 6. dxc5 bxc5 7. c3 Qc7 8. Nb3 e5 9. 0-0 c4 10. Nbd2 Bc5 11. b3 e4 12. Nd4 Nc6 13. Nxc6 Qxc6 14. h3 e3 15. fxe3 Bxe3+ 16. Kh2 Ng4+ 17. hxg4 h5 18. g5 h4 19. g4 Qc7+ 20. Kh1 d4 21. Bxb7 Qxb7+ 22. Nf3 0-0-0 23. Qc2 d3 24. exd3 cxd3 25. Qg2 h3 26. Qg3 d2 27. Bb2 Qe4 28. c4 Bf4 29. Qf2 Be3 30. Qg3 Bf4 31. Qf2 Be3 32. Qg3 1/2-1/2